| 000 | 00640nam a2200217 a 4500 | ||
|---|---|---|---|
| 999 |
_c2739 _d2739 |
||
| 001 | 2739 | ||
| 003 | BD-JhCC | ||
| 005 | 20171106165826.0 | ||
| 008 | 171106s1954 b ||||| |||| 00| 0 be d | ||
| 035 | _a(BD-JhCC)2739 | ||
| 040 |
_aBD-JhCC _dBD-JhCC |
||
| 041 | _aben | ||
| 082 |
_a891.443 _bDAB 1954 |
||
| 100 | _aদেবী, আশাপূর্ণা | ||
| 245 |
_aউড়োপাখী / _cআশাপূর্ণা দেবী |
||
| 260 |
_aঢাকা : _bমেঘনা পাবলিকেশন্স, _c১৯৫৪ |
||
| 300 |
_a211 p. : _c20cm. |
||
| 650 | _aBengali Novel | ||
| 942 |
_2ddc _cBK |
||